|
|
|
|
| LEADER |
00000nab a2200000 a 4500 |
| 001 |
vtls009964501 |
| 003 |
SK-MaSNL |
| 005 |
20260304152706.0 |
| 008 |
250506c2008 xo br|p|||||||000 b|slo |
| 015 |
|
|
|a SNBRB2009/10
|2 snkbucl
|
| 035 |
|
|
|a (uuid)50b3be38-5e43-4f37-a24c-64b8ce46fd57
|
| 035 |
|
|
|a urn:nbn:sk:snk-ab2ztk
|
| 035 |
|
|
|a (urnnbn)urn:nbn:sk:snk:ar-a04ae1
|
| 038 |
|
|
|a SNKBUCL
|
| 040 |
|
|
|a SNKBUCL
|b slo
|c SNKBUCL
|e AACR2
|
| 041 |
0 |
|
|a slo
|
| 044 |
|
|
|a xo
|c SK
|
| 080 |
|
|
|a 341.63
|2 2001
|
| 080 |
|
|
|a 347.7
|2 2001
|
| 100 |
1 |
|
|a Chovancová, Katarína,
|d 1974-
|4 aut
|9 253865
|
| 245 |
1 |
0 |
|a Medzinárodná obchodná arbitráž - charakteristika a základné formy
|c Katarína Chovancová
|
| 504 |
|
|
|a Bibliogr. odkazy
|
| 650 |
0 |
7 |
|a obchodné právo
|2 snkbucl
|9 2216
|
| 650 |
0 |
7 |
|a medzinárodná obchodná arbitráž
|2 snkbucl
|9 4414
|
| 773 |
0 |
|
|t Obchodné právo
|g Roč. IX, č. 1-2 (2008), s. 141-150
|x 1335-6674
|
| 850 |
|
|
|a Slovenská národná knižnica
|
| 852 |
|
|
|a Slovenská národná knižnica
|
| 954 |
|
|
|a odborná, vedecká literatúra pôvodná (slovenská)
|2 lita
|
| 958 |
|
|
|a article2022
|
| 958 |
|
|
|a SK
|
| 958 |
|
|
|a NB
|
| 958 |
|
|
|a OND
|
| 958 |
|
|
|a EUIPO
|
| 999 |
|
|
|c 2950513
|d 2952443
|